<?xml version="1.0" encoding="UTF-8"?>
<record
    xmlns:xsi="http://www.w3.org/2001/XMLSchema-instance"
    xsi:schemaLocation="http://www.loc.gov/MARC21/slim http://www.loc.gov/standards/marcxml/schema/MARC21slim.xsd"
    xmlns="http://www.loc.gov/MARC21/slim">

  <leader>00929nam a22002297a 4500</leader>
  <datafield tag="952" ind1=" " ind2=" ">
    <subfield code="0">0</subfield>
    <subfield code="1">0</subfield>
    <subfield code="2">lcc</subfield>
    <subfield code="4">0</subfield>
    <subfield code="7">0</subfield>
    <subfield code="a">01</subfield>
    <subfield code="b">01</subfield>
    <subfield code="d">2018-06-29</subfield>
    <subfield code="l">0</subfield>
    <subfield code="o">371.425 C319or</subfield>
    <subfield code="p">01 014584</subfield>
    <subfield code="r">2018-06-29</subfield>
    <subfield code="t">1</subfield>
    <subfield code="w">2018-06-29</subfield>
    <subfield code="y">LB</subfield>
  </datafield>
  <datafield tag="999" ind1=" " ind2=" ">
    <subfield code="c">103071</subfield>
    <subfield code="d">103071</subfield>
  </datafield>
  <controlfield tag="005">20231102152048.0</controlfield>
  <controlfield tag="008">180629b2007    mx ao|||r|||| 00| 0 spa d</controlfield>
  <datafield tag="020" ind1=" " ind2=" ">
    <subfield code="a">9789702918783</subfield>
  </datafield>
  <datafield tag="082" ind1=" " ind2="4">
    <subfield code="a">371.425</subfield>
    <subfield code="b">C319or</subfield>
  </datafield>
  <datafield tag="100" ind1="1" ind2=" ">
    <subfield code="a">C&#xE1;zares Gonz&#xE1;lez, Yolanda Mar&#xED;a</subfield>
    <subfield code="d">autor</subfield>
  </datafield>
  <datafield tag="245" ind1=" " ind2=" ">
    <subfield code="a">Orientaci&#xF3;n vocacional</subfield>
    <subfield code="c"> / Yolanda Mar&#xED;a C&#xE1;zares Gonz&#xE1;lez</subfield>
  </datafield>
  <datafield tag="260" ind1="3" ind2=" ">
    <subfield code="a">M&#xE9;xico</subfield>
    <subfield code="b"> : Santillana</subfield>
    <subfield code="c">, 2007</subfield>
  </datafield>
  <datafield tag="300" ind1=" " ind2=" ">
    <subfield code="a">168 p&#xE1;ginas</subfield>
    <subfield code="b">: ilustraciones, fotograf&#xED;as </subfield>
  </datafield>
  <datafield tag="490" ind1=" " ind2=" ">
    <subfield code="a">Preuniversitario Santillana</subfield>
  </datafield>
  <datafield tag="500" ind1=" " ind2=" ">
    <subfield code="a">Incluye: 
glosario (pp. 140-141)
ap&#xE9;ndice (pp. 142-166) </subfield>
  </datafield>
  <datafield tag="504" ind1=" " ind2=" ">
    <subfield code="a">bibliograf&#xED;a (pp. 167-168)</subfield>
  </datafield>
  <datafield tag="505" ind1=" " ind2=" ">
    <subfield code="a">Perfil de carrera por &#xE1;rea
Herramientas de diagn&#xF3;stico (psicometr&#xED;a)
Toma de decisiones </subfield>
  </datafield>
  <datafield tag="519" ind1=" " ind2=" ">
    <subfield code="a">Plan UNAM / </subfield>
    <subfield code="b">Preparatoria / </subfield>
    <subfield code="c">Orientaci&#xF3;n Educativa V (1515-3) / </subfield>
    <subfield code="d">(01 014584)</subfield>
  </datafield>
  <datafield tag="650" ind1="1" ind2="4">
    <subfield code="a">ORIENTACI&#xD3;N PROFESIONAL Y VOCACIONAL</subfield>
  </datafield>
  <datafield tag="650" ind1="1" ind2="0">
    <subfield code="a">ORIENTACI&#xD3;N EDUCATIVA</subfield>
  </datafield>
  <datafield tag="942" ind1=" " ind2=" ">
    <subfield code="c">LB</subfield>
    <subfield code="2">lcc</subfield>
  </datafield>
</record>
